[Event "Bayern-chI Bank Hofmann 24th"]
[Site "Tegernsee"]
[Date "2021.11.06"]
[Round "8"]
[White "Esswein, Karlheinz"]
[Black "Ciolek, Andreas"]
[Result "1/2-1/2"]
[WhiteElo "2067"]
[BlackElo "2233"]
[PlyCount "43"]
[EventDate "2021.10.30"]
[EventType "swiss"]
[EventRounds "9"]
[EventCountry "GER"]
[SourceTitle "CBM 205 Extra"]
[Source "ChessBase"]
[SourceDate "2022.01.31"]
[SourceVersion "1"]
[SourceVersionDate "2022.01.31"]
[SourceQuality "1"]

1. e4 c5 2. Nf3 d6 3. d4 cxd4 4. Nxd4 Nf6 5. f3 e6 6. c4 Be7 7. Nc3 0-0 8. Be3 a6 9. Qd2 Qc7 10. Rc1 Nbd7 11. Be2 b6 12. 0-0 Bb7 13. Rfd1 Rfe8 14. Bf1 Rac8 15. b3 Qb8 16. Bf2 Bd8 17. Nde2 Bc7 18. Kh1 d5 19. cxd5 exd5 20. Nxd5 Bxd5 21. exd5 Bd6 22. Rxc8 1/2-1/2

[Event "GER-ch Seniors 65 31st"]
[Site "Radebeul"]
[Date "2019.05.03"]
[Round "8"]
[White "Kierzek, Matthias"]
[Black "Esswein, Karlheinz"]
[Result "1-0"]
[WhiteElo "2196"]
[BlackElo "2077"]
[PlyCount "83"]
[EventDate "2019.04.26"]
[EventType "swiss"]
[EventRounds "9"]
[EventCountry "GER"]
[SourceTitle "CBM 190 Extra"]
[Source "ChessBase"]
[SourceDate "2019.07.15"]
[SourceVersion "1"]
[SourceVersionDate "2019.07.15"]
[SourceQuality "1"]

1. d4 Nf6 2. c4 e6 3. Nf3 Bb4+ 4. Bd2 a5 5. g3 b6 6. Bg2 Bb7 7. 0-0 0-0 8. Be3 Be7 9. Nc3 d6 10. Qc2 Nbd7 11. Rad1 Qc8 12. Bf4 Nh5 13. Bc1 f5 14. e4 Ndf6 15. exf5 exf5 16. d5 Ng4 17. Nd4 Ne5 18. Ne6 Rf7 19. Nb5 c6 20. Nec7 cxd5 21. f4 Ng4 22. Nxa8 Bxa8 23. Qe2 dxc4 24. Bxa8 Qxa8 25. Qxc4 h6 26. Rd3 Ngf6 27. Rc3 d5 28. Qc8+ Qxc8 29. Rxc8+ Kh7 30. Be3 Nd7 31. Bd4 Bf6 32. Re1 Bxd4+ 33. Nxd4 Nhf6 34. Nxf5 Ne4 35. Rc7 Kg6 36. Nd4 h5 37. Nc6 Kf5 38. Nd8 Re7 39. Nc6 Rf7 40. Kg2 g5 41. fxg5 Kxg5 42. Re2 1-0

[Event "GER-ch Seniors 65 31st"]
[Site "Radebeul"]
[Date "2019.05.01"]
[Round "6"]
[White "Rahls, Peter"]
[Black "Esswein, Karlheinz"]
[Result "1/2-1/2"]
[WhiteElo "2193"]
[BlackElo "2077"]
[PlyCount "109"]
[EventDate "2019.04.26"]
[EventType "swiss"]
[EventRounds "9"]
[EventCountry "GER"]
[SourceTitle "CBM 190 Extra"]
[Source "ChessBase"]
[SourceDate "2019.07.15"]
[SourceVersion "1"]
[SourceVersionDate "2019.07.15"]
[SourceQuality "1"]

1. e4 c5 2. c3 Nf6 3. e5 Nd5 4. d4 cxd4 5. cxd4 e6 6. Nf3 d6 7. Bc4 Nb6 8. Bd3 dxe5 9. dxe5 Be7 10. 0-0 Bd7 11. Nc3 Bc6 12. Qe2 N8d7 13. Rd1 Rc8 14. Nd4 Bd5 15. Nxd5 Nxd5 16. Nf3 0-0 17. h4 Nc5 18. Bb1 a5 19. Be3 Rc7 20. h5 g6 21. Bc2 Rd7 22. Bxc5 Bxc5 23. Ba4 Rc7 24. Qe4 Qe7 25. Bb3 Nb4 26. a3 Nc6 27. Ba4 Rd8 28. Bxc6 Rxc6 29. Qf4 Rcc8 30. Ng5 Qf8 31. hxg6 hxg6 32. Rxd8 Rxd8 33. Qh4 Qg7 34. Nxe6 g5 35. Nxg5 Be7 36. f4 Rd2 37. Rc1 Qg6 38. Qe1 Qd3 39. Nf3 Rxb2 40. Qg3+ Qg6 41. Qxg6+ fxg6 42. Rc8+ Kf7 43. Rc7 Ke8 44. e6 Bxa3 45. Nh4 Bd6 46. Rg7 Re2 47. Nxg6 Rxe6 48. f5 Bc5+ 49. Kh2 Ra6 50. Rxb7 a4 51. f6 Rxf6 52. Rb8+ Kd7 53. Ne5+ Kc7 54. Ra8 Bd6 55. Rxa4 1/2-1/2

[Event "Rheinland Pfalz op Seniors 14th"]
[Site "Neustadt an der Weinstrasse"]
[Date "2016.07.24"]
[Round "9"]
[White "Esswein, Karlheinz"]
[Black "Dickel, Gisbert"]
[Result "1/2-1/2"]
[WhiteElo "2060"]
[BlackElo "1920"]
[PlyCount "94"]
[EventDate "2016.07.16"]
[EventType "swiss"]
[EventRounds "9"]
[EventCountry "GER"]
[SourceTitle "EXT 2019"]
[Source "ChessBase"]
[SourceDate "2018.10.10"]
[SourceVersion "1"]
[SourceVersionDate "2018.10.10"]
[SourceQuality "1"]

1. d4 Nf6 2. Bf4 d6 3. Nf3 c6 4. c3 Nd5 5. Bg3 f5 6. e3 Nd7 7. Qc2 N7f6 8. Bd3 e6 9. h3 Be7 10. Nbd2 Bd7 11. a3 a5 12. c4 Nc7 13. b3 0-0 14. 0-0 Nce8 15. Bh2 g6 16. Rfe1 d5 17. Ne5 Bd6 18. c5 Bb8 19. b4 Ng7 20. Nb3 a4 21. Nc1 Be8 22. Ne2 Nd7 23. f4 Nxe5 24. fxe5 g5 25. Nc3 h5 26. Rf1 h4 27. Nxa4 Bc7 28. Nc3 b6 29. Ne2 bxc5 30. Qxc5 Qb8 31. Qc2 Nh5 32. Kh1 Bd8 33. g4 hxg3 34. Nxg3 Ng7 35. Ne2 Qc7 36. a4 Qf7 37. a5 Qh5 38. Ng1 Qh6 39. Be2 Be7 40. Rab1 Nh5 41. Qd2 Rf7 42. Rf3 Rh7 43. Bf1 Kh8 44. Rf2 Rg7 45. Be2 Rg6 46. a6 Bd8 47. Ra1 Rg7 1/2-1/2

[Event "Rheinland Pfalz op Seniors 14th"]
[Site "Neustadt an der Weinstrasse"]
[Date "2016.07.17"]
[Round "2"]
[White "Esswein, Karlheinz"]
[Black "Costea, Valerius"]
[Result "1/2-1/2"]
[WhiteElo "2060"]
[BlackElo "1971"]
[PlyCount "92"]
[EventDate "2016.07.16"]
[EventType "swiss"]
[EventRounds "9"]
[EventCountry "GER"]
[SourceTitle "EXT 2019"]
[Source "ChessBase"]
[SourceDate "2018.10.10"]
[SourceVersion "1"]
[SourceVersionDate "2018.10.10"]
[SourceQuality "1"]

1. d4 Nf6 2. Bf4 d6 3. e3 Bf5 4. Nf3 Nbd7 5. h3 g6 6. Nbd2 Bg7 7. g4 Be4 8. Nxe4 Nxe4 9. Bg2 0-0 10. c3 c6 11. Qc2 Nef6 12. Rd1 d5 13. Ne5 Nxe5 14. Bxe5 Ne8 15. Bg3 Nd6 16. 0-0 f5 17. f3 Bh6 18. f4 e6 19. g5 Bg7 20. b3 b5 21. h4 Rf7 22. Bf3 Ne4 23. Bxe4 fxe4 24. Rc1 Bf8 25. Qe2 Ba3 26. Rc2 Qe8 27. Kg2 Bf8 28. h5 a5 29. Rh1 a4 30. b4 Raa7 31. Qg4 Rg7 32. Kf1 Qf7 33. h6 Qf5 34. Qxf5 exf5 35. hxg7 Bxg7 36. Ke2 Bf8 37. Rd1 Rb7 38. Be1 Kf7 39. a3 Bd6 40. c4 bxc4 41. b5 Rxb5 42. Bb4 Ke6 43. Bxd6 Kxd6 44. Rh1 Rb7 45. Kd1 Rb3 46. Rxh7 Rxe3 1/2-1/2

[Event "Oberliga Sued W 1011"]
[Site "Germany"]
[Date "2010.11.14"]
[Round "3.8"]
[White "Daub, Markus"]
[Black "Esswein, Karlheinz"]
[Result "0-1"]
[WhiteElo "2037"]
[BlackElo "1980"]
[PlyCount "79"]
[EventDate "2010.10.10"]
[EventType "team-tourn"]
[EventRounds "9"]
[EventCountry "GER"]
[SourceTitle "EXT 2012"]
[Source "ChessBase"]
[SourceDate "2011.11.24"]
[SourceVersion "1"]
[SourceVersionDate "2011.11.24"]
[SourceQuality "1"]
[WhiteTeam "Illingen"]
[BlackTeam "Ludwigshafen"]
[WhiteTeamCountry "GER"]
[BlackTeamCountry "GER"]

1. e4 c5 2. Nf3 e6 3. d4 cxd4 4. Nxd4 a6 5. Nc3 Qc7 6. Be2 Nf6 7. 0-0 d6 8. f4 Nbd7 9. Be3 Be7 10. Qd2 0-0 11. Rad1 b5 12. a3 Rb8 13. Bf3 Bb7 14. Nb3 Ba8 15. Qf2 b4 16. axb4 Rxb4 17. Rd4 Rxd4 18. Bxd4 e5 19. Be3 Bc6 20. Ra1 Bb7 21. h3 Re8 22. f5 Rc8 23. g4 h6 24. h4 d5 25. Nxd5 Bxd5 26. exd5 e4 27. Be2 Ne5 28. g5 hxg5 29. hxg5 Nxd5 30. Rxa6 Qxc2 31. Nd4 Qb1+ 32. Kg2 Qxb2 33. f6 Bf8 34. fxg7 Bxg7 35. Nf5 Rc2 36. Ra8+ Bf8 37. Nh6+ Kh7 38. Qf5+ Kg7 39. Qxe5+ Qxe5 40. Bd4 0-1

[Event "Bayern-chI Bank Hofmann 13th"]
[Site "Bad Wiessee"]
[Date "2009.11.02"]
[Round "4"]
[White "Esswein, Karlheinz"]
[Black "Behnke, Michael"]
[Result "1-0"]
[WhiteElo "2055"]
[BlackElo "1765"]
[PlyCount "53"]
[EventDate "2009.10.31"]
[EventType "swiss"]
[EventRounds "9"]
[EventCountry "GER"]
[SourceTitle "EXT 2010"]
[Source "ChessBase"]
[SourceDate "2010.11.25"]
[SourceVersion "1"]
[SourceVersionDate "2010.11.25"]
[SourceQuality "1"]

1. e4 c6 2. d4 d5 3. e5 Bf5 4. Nf3 e6 5. Nbd2 Ne7 6. Nb3 Nd7 7. Be2 c5 8. dxc5 Nc6 9. Bb5 Nxc5 10. 0-0 Nxb3 11. axb3 Qb6 12. c4 Bc5 13. b4 Bxb4 14. Be3 Bc5 15. Nd4 dxc4 16. Ra6 bxa6 17. Bxc6+ Kf8 18. Bxa8 Bd3 19. Nc2 Bxe3 20. Nxe3 Ke7 21. Bf3 Bxf1 22. Qxf1 Qb5 23. Nxc4 Rc8 24. Be2 Qd5 25. b3 Rd8 26. Qc1 h6 27. Qa3+ 1-0

[Event "Oberliga Sued W 0910"]
[Site "Germany"]
[Date "2009.10.18"]
[Round "1.8"]
[White "Esswein, Karlheinz"]
[Black "Vogel, Johannes"]
[Result "1-0"]
[WhiteElo "2055"]
[BlackElo "2070"]
[PlyCount "139"]
[EventDate "2009.10.18"]
[EventType "team-tourn"]
[EventRounds "9"]
[EventCountry "GER"]
[SourceTitle "EXT 2011"]
[Source "ChessBase"]
[SourceDate "2010.11.26"]
[SourceVersion "1"]
[SourceVersionDate "2010.11.26"]
[SourceQuality "1"]
[WhiteTeam "Ludwigshafen"]
[BlackTeam "Landau"]
[WhiteTeamCountry "GER"]
[BlackTeamCountry "GER"]

1. e4 e5 2. Nf3 Nc6 3. d4 exd4 4. Nxd4 Bc5 5. Be3 Qf6 6. c3 Nge7 7. Bc4 Ne5 8. Be2 0-0 9. 0-0 Qg6 10. Nd2 d6 11. Bh5 Qf6 12. f4 N5c6 13. N2b3 Bb6 14. Qd2 Qh6 15. Bf3 f5 16. Rae1 Bd7 17. g3 Rad8 18. Qe2 Qf6 19. Qg2 Nxd4 20. Bxd4 Nc6 21. Bxb6 axb6 22. exf5 Qxf5 23. Qd2 Rfe8 24. Qd5+ Qxd5 25. Bxd5+ Kf8 26. Kf2 Bf5 27. Rxe8+ Rxe8 28. Re1 Rxe1 29. Kxe1 Ke7 30. Kd2 Nd8 31. Nd4 Bd7 32. Be4 h6 33. Ke3 c6 34. Nf5+ Bxf5 35. Bxf5 d5 36. Bc8 Kd6 37. h4 c5 38. a4 Kc7 39. Bf5 Kd6 40. Bc8 Kc7 41. Bf5 Kd6 42. Bg4 Nc6 43. Bc8 Kc7 44. Bf5 Kd6 45. g4 Ne7 46. Bd3 Ke6 47. h5 Kf6 48. Bb5 Nc8 49. Kf3 Nd6 50. Bd3 Ke6 51. Kg3 Kf6 52. Kh4 Ke6 53. b3 c4 54. bxc4 dxc4 55. Bh7 b5 56. a5 Kd5 57. g5 Ne4 58. Bg8+ Kd6 59. Kg4 Ke7 60. Bd5 Nxc3 61. Bxb7 b4 62. a6 Nb5 63. Bd5 c3 64. Bb3 Kf8 65. Kf5 c2 66. Bxc2 Kg8 67. Kg6 hxg5 68. fxg5 Kh8 69. Bb3 Nd4 70. a7 1-0

[Event "Oberliga Sued W 0506"]
[Site "Germany"]
[Date "2006.01.29"]
[Round "6.8"]
[White "Donauer, Holger"]
[Black "Esswein, Karlheinz"]
[Result "1/2-1/2"]
[WhiteElo "1835"]
[BlackElo "2026"]
[PlyCount "156"]
[EventDate "2005.10.23"]
[EventType "team-tourn"]
[EventRounds "9"]
[EventCountry "GER"]
[SourceTitle "EXT 2007"]
[Source "ChessBase"]
[SourceDate "2006.11.23"]
[SourceVersion "1"]
[SourceVersionDate "2006.11.23"]
[SourceQuality "1"]
[WhiteTeam "Saarbruecken"]
[BlackTeam "Ludwigshafen"]
[WhiteTeamCountry "GER"]
[BlackTeamCountry "GER"]

1. c4 c5 2. Nc3 Nc6 3. g3 g6 4. Bg2 Bg7 5. Nf3 Nf6 6. d4 cxd4 7. Nxd4 0-0 8. 0-0 a6 9. Rb1 Nxd4 10. Qxd4 d6 11. Nd5 Bf5 12. Ra1 Rb8 13. Qb6 Nxd5 14. Qxd8 Rfxd8 15. Bxd5 Rdc8 16. Be3 Bxb2 17. Rad1 Bh3 18. Rfe1 Bc3 19. Bd2 Bxd2 20. Rxd2 b5 21. cxb5 Rxb5 22. Bb3 Rbc5 23. f3 Be6 24. Bxe6 fxe6 25. h4 a5 26. Kf2 Rb8 27. Red1 Kf7 28. Rd3 Rb4 29. R1d2 Rcc4 30. Ra3 a4 31. Rad3 e5 32. e4 Rb1 33. Ra3 Ke6 34. Ke2 Kd7 35. Rd5 Rb2+ 36. Kd3 Rbb4 37. Ra5 Rd4+ 38. Ke3 Ke6 39. Ra7 Kf6 40. g4 h6 41. g5+ hxg5 42. hxg5+ Kxg5 43. Rxe7 Kf6 44. Ra7 g5 45. Rd3 Kg6 46. Ra8 Kf7 47. Ra7+ Ke6 48. Rg7 Rxd3+ 49. Kxd3 Rb2 50. Rxg5 Rxa2 51. Rg7 Ra3+ 52. Ke2 Rb3 53. Ra7 a3 54. Kf2 Rb2+ 55. Kg3 a2 56. Kg4 Kf6 57. Kg3 Rd2 58. Ra8 Ke7 59. Ra7+ Kd8 60. f4 exf4+ 61. Kxf4 Kc8 62. Ke3 Kb8 63. Ra3 Rb2 64. Kd4 Kc7 65. Kc3 Rh2 66. Kb3 Kc6 67. Kc4 Kd7 68. Kd4 Ke6 69. Ra6 Ke7 70. Kd3 Kf7 71. Kd4 Ke7 72. Kd3 Kd7 73. Kd4 Kc7 74. Ra3 Kb6 75. Kc4 Rc2+ 76. Kd3 Rb2 77. Kc3 Rh2 78. Kc4 Rc2+ 1/2-1/2

[Event "Oberliga Sued W 0405"]
[Site "Germany"]
[Date "2005.01.16"]
[Round "5.8"]
[White "Rueckert, Helge"]
[Black "Esswein, Karlheinz"]
[Result "0-1"]
[WhiteElo "2003"]
[BlackElo "2100"]
[PlyCount "78"]
[EventDate "2004.10.03"]
[EventType "team-tourn"]
[EventRounds "9"]
[EventCountry "GER"]
[SourceTitle "EXT 2009"]
[Source "ChessBase"]
[SourceDate "2008.11.26"]
[SourceVersion "1"]
[SourceVersionDate "2008.11.26"]
[SourceQuality "1"]
[WhiteTeam "Illingen"]
[BlackTeam "Ludwigshafen"]
[WhiteTeamCountry "GER"]
[BlackTeamCountry "GER"]

1. d4 Nf6 2. c4 e6 3. g3 Bb4+ 4. Bd2 Qe7 5. Bg2 Nc6 6. Nf3 Ne4 7. 0-0 Nxd2 8. Nbxd2 d5 9. a3 Bxd2 10. Qxd2 0-0 11. Rac1 Rd8 12. b4 dxc4 13. Rxc4 Nb8 14. h4 c6 15. Qc2 a6 16. e3 Nd7 17. Ng5 Nf6 18. f4 h6 19. Nf3 Bd7 20. Bh3 a5 21. g4 Nd5 22. Qd2 axb4 23. e4 Nc3 24. Rxb4 Nxe4 25. Qb2 b5 26. g5 h5 27. Ne5 g6 28. Bg2 Ng3 29. Rc1 Rac8 30. Rc3 Nf5 31. Bxc6 Bxc6 32. Nxc6 Qc7 33. Qc1 Kg7 34. Rbb3 Qb6 35. Rc5 Rxc6 36. Rxc6 Qxd4+ 37. Kg2 Qd5+ 38. Rf3 Nxh4+ 39. Kh2 Nxf3+ 0-1